Trusts and equity / (Record no. 6465)
[ view plain ]
| 000 -LEADER | |
|---|---|
| fixed length control field | 00806nac a22002531u 4500 |
| 010 ## - LIBRARY OF CONGRESS CONTROL NUMBER | |
| LC control number | 008729420 |
| 020 ## - INTERNATIONAL STANDARD BOOK NUMBER | |
| International Standard Book Number | 0273638459 (pbk) |
| 082 ## - DEWEY DECIMAL CLASSIFICATION NUMBER | |
| Classification number | 346.41059 |
| Item number | EDW |
| 090 ## - LOCALLY ASSIGNED LC-TYPE CALL NUMBER (OCLC); LOCAL CALL NUMBER (OCLC) | |
| -- | 6465 |
| -- | 6465 |
| 100 ## - MAIN ENTRY--PERSONAL NAME | |
| Personal name | Edwards, Richard, |
| 245 ## - TITLE STATEMENT | |
| Title | Trusts and equity / |
| Statement of responsibility, etc | Richard Edwards, Nigel Stockwell. |
| 250 ## - EDITION STATEMENT | |
| Edition statement | 4th ed. |
| 260 ## - PUBLICATION, DISTRIBUTION, ETC. (IMPRINT) | |
| Place of publication, distribution, etc | London : |
| Name of publisher, distributor, etc | Financial Times Pitman Pub., c1999. |
| Date of publication, distribution, etc | c1999. |
| 300 ## - PHYSICAL DESCRIPTION | |
| Extent | xxvi, 480p. ; |
| Dimensions | 25cm. |
| 490 ## - Series Statement | |
| Series statement | ( Foundation studies in law) |
| 500 ## - GENERAL NOTE | |
| General note | Distributer: Al-Ahram. |
| 500 ## - GENERAL NOTE | |
| General note | Previous ed.: 1997. |
| 504 ## - BIBLIOGRAPHY, ETC. NOTE | |
| Bibliography, etc | Includes index. |
| 511 ## - PARTICIPANT OR PERFORMER NOTE | |
| Participant or performer note | Catalogued By: Mahitab. |
| 650 ## - SUBJECT ADDED ENTRY--TOPICAL TERM | |
| Topical term or geographic name as entry element | Trusts and trustees -- Great Britain. |
| 650 ## - SUBJECT ADDED ENTRY--TOPICAL TERM | |
| Topical term or geographic name as entry element | Equity -- Great Britain. |
| 700 ## - ADDED ENTRY--PERSONAL NAME | |
| Personal name | Stockwell, Nigel. |
| 942 ## - ADDED ENTRY ELEMENTS (KOHA) | |
| Item type | Book - Borrowing |
| Call number prefix | 346.41059 EDW |
| Withdrawn status | Item status | Damaged status | Not for loan | Home library | Current library | Shelving location | Date acquired | Source of acquisition | Total Checkouts | Full call number | Barcode | Date last seen | Koha item type |
|---|---|---|---|---|---|---|---|---|---|---|---|---|---|
| Central Library | Central Library | First floor | 25/11/2007 | Purchase | 346.41059 EDW | 000007864 | 15/07/2025 | Book - Borrowing |